000 01020nam a2200265 a 4500
999 _c12357
_d12357
001 12357
003 BD-JhCC
005 20211106101743.0
008 210601s2021 bg |||| |||| 00| 0 ben d
020 _a9789847118467
035 _a(BD-JhCC)12357
040 _aBD-JhCC
_dBD-JhCC
041 _aBengla
082 _a954.0256
_bNAT 2021
100 _aনাথান, মির্জা
245 _aবাহারীস্তান-ই-গায়বী /
_cমির্জা নাথান, ড. এম. আই বোরা এবং খালেকদাদ চৌধুরী
260 _aঢাকা :
_bআকাশ,
_c২০২১।
300 _a৬১৬ পৃ. :
_c২১ সেমি.
504 _aগ্রন্থপঞ্জি অর্ন্তভূক্ত।
600 _aJahangir,
_d1569-1627
_tEmperor of Hindustan
650 _aMogul Empire
_zIndia
700 _aবোরা, ড. এম. আই
700 _aচৌধুরী, খালেকদাদ
942 _2ddc
_cBK